Математическое и имитационное моделирование мехатронных систем (13.03.02): электронный курс
| Autor principal: | |
|---|---|
| Autor corporatiu: | |
| Sumari: | Заглавие с экрана Целью преподавания дисциплины «Математическое и имитационное моделирование мехатронных систем» является подготовка специалистов, владеющих общими принципами и методами математического моделирования в инженерной деятельности и имеющих навыки их практического использования в области электромеханики, электроэнергетики и электротехники. Теоретические и практические цели дисциплины состоят в изучении математических методов моделирования и исследования мехатронных систем. Курс предназначен для бакалавров, изучается в 10 семестре. Интерактивный мультимедиа ресурс AM_Login_TPU |
| Idioma: | rus |
| Publicat: |
Томск, TPU Moodle, 2024
|
| Matèries: | |
| Accés en línia: | https://design.lms.tpu.ru/course/view.php?id=4777 |
| Format: | Electrònic Llibre |
| KOHA link: | https://koha.lib.tpu.ru/cgi-bin/koha/opac-detail.pl?biblionumber=671169 |
MARC
| LEADER | 00000nlm0a2200000 4500 | ||
|---|---|---|---|
| 001 | 671169 | ||
| 005 | 20240617163443.0 | ||
| 090 | |a 671169 | ||
| 100 | |a 20240305d2024 m||y0rusy50 ca | ||
| 101 | 0 | |a rus | |
| 102 | |a RU | ||
| 105 | |a a j 000yy | ||
| 135 | |a jrcn ---uucaa | ||
| 181 | 0 | |a i |b e | |
| 182 | 0 | |a b | |
| 183 | 0 | |a cr |2 RDAcarrier | |
| 200 | 1 | |a Математическое и имитационное моделирование мехатронных систем (13.03.02) |e электронный курс |f Н. А. Воронина |g Национальный исследовательский Томский политехнический университет, Отделение электроэнергетики и электротехники | |
| 203 | |a Текст |c электронный |b визуальный | ||
| 210 | |a Томск |c TPU Moodle |d 2024 | ||
| 283 | |a online_resource |2 RDAcarrier | ||
| 300 | |a Заглавие с экрана | ||
| 330 | |a Целью преподавания дисциплины «Математическое и имитационное моделирование мехатронных систем» является подготовка специалистов, владеющих общими принципами и методами математического моделирования в инженерной деятельности и имеющих навыки их практического использования в области электромеханики, электроэнергетики и электротехники. Теоретические и практические цели дисциплины состоят в изучении математических методов моделирования и исследования мехатронных систем. Курс предназначен для бакалавров, изучается в 10 семестре. | ||
| 336 | |a Интерактивный мультимедиа ресурс | ||
| 371 | |a AM_Login_TPU | ||
| 606 | 1 | |a Мехатроника |9 63098 | |
| 610 | 1 | |a электронный ресурс | |
| 610 | 1 | |a труды учёных ТПУ | |
| 610 | 1 | |a электронное обучение | |
| 610 | 1 | |a кампусные онлайн-курсы | |
| 610 | 1 | |a дистанционное образование | |
| 610 | 1 | |a дистанционное обучение | |
| 610 | 1 | |a e-learning | |
| 610 | 1 | |a Moodle | |
| 675 | |a 621.865.8(075.8) |v 4 | ||
| 700 | 1 | |a Воронина |b Н. А. |c специалист в области электротехники |c доцент Томского политехнического университета, кандидат технических наук |f 1980- |g Наталья Алексеевна |9 11576 | |
| 712 | 0 | 2 | |a Национальный исследовательский Томский политехнический университет |b Инженерная школа энергетики |b Отделение электроэнергетики и электротехники |9 28321 |
| 801 | 0 | |a RU |b 63413507 |c 20240305 |g RCR | |
| 850 | |a 63413507 | ||
| 856 | 4 | |u https://design.lms.tpu.ru/course/view.php?id=4777 |z https://design.lms.tpu.ru/course/view.php?id=4777 | |
| 942 | |c CF | ||